| 000 | 00324nam a22001337a 4500 | ||
|---|---|---|---|
| 020 | _a9788130905310 | ||
| 040 | _cNUST | ||
| 082 |
_a620 _bSTR |
||
| 100 |
_aStranks, Jeremy _934590 |
||
| 245 | _aThe A-Z of Health and Safety | ||
| 260 |
_aNew Delhi. : _bViva Books, _c2015. |
||
| 300 |
_a637p. ; _c23 cm. |
||
| 942 |
_2ddc _cBK |
||
| 999 |
_c540524 _d540524 |
||